000 00930nam a2200253Ia 4500
003 OSt
005 20221005104829.0
006 a|||||r|||| 00| 0
007 ta
008 221004b |||||||| |||| 00| 0 hin d
020 _a9788190424431 (hbk)
_c150
024 _a100168
037 _b403, 22/03/2010, Swaraj Prakashan
_cTextual
040 _aCRL
_cCRL
_bhin
041 _2hin
_ahin
082 _aNT44, 152P7
100 _aकैलास प्रकाश
245 0 _aनुक्कड़ नाटक
_b संरचना और सिद्धांत
246 _aNukkaड़ nāṭaka: sanrachanā aur siddhāanta
260 _aदिल्ली
_bश्री नटराज प्रकाशन भारत
_c2007
300 _a112पृ0
_ccm.
942 _hNT44, 152P7
_cTEXL
_2cc
999 _c1013920
_d1013920